000 00295 a2200145 4500
001 75157
020 _a978853571938
040 _cAnchieta - Colégio São Paulo
240 1 0 _aPortuguês
_lpor
245 1 0 _aPortuguês
300 _a250
362 0 _a2014
650 4 _aPortuguês
942 _cBK
999 _c75157
_d75157